Actuación del profesional frente a la defensa de multas por ilícitos materiales y ejecuciones fiscales. II /

Guardado en:
Autor Principal: Gómez, Teresa.
Formato: Libro
Idioma:Spanish
Publicado: Ciudad Autónoma de Buenos Aires : Edicon, 2008.
Edición:1a. ed.
Materias:
Etiquetas: Agregar Etiqueta
Sin Etiquetas, Sea el primero en etiquetar este registro!
LEADER 00596nam a22001695a 4500
001 DER.der014462
008 191115s2008####ag############000#0#spa#d
005 20240827095412.0
245 1 0 |a Actuación del profesional frente a la defensa de multas por ilícitos materiales y ejecuciones fiscales.  |p II /  |c Dirigido por Teresa Gómez. 
250 |a 1a. ed. 
260 |a Ciudad Autónoma de Buenos Aires :  |b Edicon,  |c 2008. 
300 |a 372 p. 
020 |a 9789871281831 
100 1 |a Gómez, Teresa. 
650 7 |a DERECHO TRIBUTARIO 
650 7 |a ILICITO FISCAL 
859 |a DERECHO  |b BIB. DERECHO  |h 343.04  |i GOM  |p 009740  |3 II